Dimashq al-Shām lamḥah tārīkhīyah mundhu al-ʻuṣūr al-qadīmah ḥattá al-ʻaṣr al-ḥāḍir /

محفوظ في:

المؤلف الرئيسي: Sauvaget, Jean, 1901-1950 (مؤلف)

التنسيق: كتاب

اللغة: Arabic

منشور في: Bayrūt : al-Maṭbaʻah al-Kāthūlīkīyah, 1936.

الموضوعات:

الوسوم: إضافة وسم

لا توجد وسوم, كن أول من يضع وسما على هذه التسجيلة!

رقم الطلب: DS99 .D3 S3 1936

LEADER 01161nam a22002651 4500
001 11250
003 OSt
005 20230405101519.0
008 130303s1936 le f 000 0 ara d
952 |0 0  |1 0  |2 lcc  |4 0  |6 DS0099 D3 S3 01936  |7 1  |9 45952  |a ARCE  |b ARCE  |d 2023-04-05  |l 0  |o DS99 .D3 S3 1936  |p 1025285  |r 2023-04-05 00:00:00  |w 2023-04-05  |y BK 
999 |c 12707  |d 12707 
010 |a ne 67000825 
040 |c ARCE Library 
043 |a a-sy--- 
050 4 |a DS99 .D3 S3 1936 
100 1 |a Sauvaget, Jean,  |d 1901-1950,  |e author  |9 39255 
245 1 0 |6 880-02  |a Dimashq al-Shām lamḥah tārīkhīyah mundhu al-ʻuṣūr al-qadīmah ḥattá al-ʻaṣr al-ḥāḍir /  |c bi-qalam Jān Sūvājīh. 
264 1 |a Bayrūt :  |b al-Maṭbaʻah al-Kāthūlīkīyah,  |c 1936. 
300 |a 52 pages :   |b plates ;   |c 24 cm. 
500 |a Romanized. 
583 |a GETTY PROJECT,  |c 2005. 
651 0 |a Damascus (Syria)  |x History. 
880 1 0 |6 245-02/(3/r  |a دمشق الشام لمحة تاريخية منذ العصور القديمة حتى العصر الحاضر ‪‪‪‪‪‪‪‪‪‪  |c بقلم جان سوفاجيه.‪‪‪‪‪‪‪‪‪‪ 
901 |a reviewed 
942 |c BK  |2 lcc